000 00407nam a2200157Ia 4500
005 20241119022130.0
008 240331s9999 xx 000 0 und d
020 _a9555720088
082 _bSEN
_a823
100 _aSeneviratne,M
245 4 _aThe collected short stories
260 _aColombo
_bSwastika ( Private) Limited
_c1999
300 _avi, 359 p .,
500 _aCollected Short Stories
942 _cL
999 _c3315
_d3315